01511cam a22003375a 4500999001700000001000900017005001700026008004100043010001700084015001900101016001800120020002200138020002500160035002300185040008400208082002000292100004400312245012300356260010600479300003900585504005100624505016800675650004300843650005800886650002600944651001000970653002000980700002501000942000801025952014001033 c27454d274251657047020190513104013.0101207t2007 maua frb 001 0 eng d a 2010284040 aGBA6859282bnb7 a0135729752Uk a0750682361 (pbk.) a9780750682367 (pbk.) a(OCoLC)ocm72868452 aUKMbengcUKMdBAKERdSUCdYDXCPdEYEdIACdDAYdBTCTAdGZMdXVFdDLCdEG-ScBUE00a658.45bALL2221 aAllen, Thomas J.q(Thomas John),d1931-14aThe organization and architecture of innovation :bmanaging the flow of technology /cThomas J. Allen, Gunter W. Henn. aAmsterdam ;aBoston :bElsevier ;bButterworth-Heinemann and Architectural Press / Elsevier,cc.2007. ax, 136 p. :bill. (col.) ;c25 cm. aIncludes bibliographical references and index.0 aOrganization and architecture -- The process of innovation -- The flow of communication in space -- Increasing awareness -- Two management tools employed together. 7aCommunication in organizations.2BUEsh 7aCommunication of technical information.2BUEsh919947 7aOffice layout.2BUEsh 2BUEsh bENGARCcMay20191 aHenn, Gunter,d1947- 2ddc 00102ddc40708BaccahaMAINbMAINc1STd2019-05-13ePurchaseg310.00h2690l0o658.45 ALLp000044655r2025-07-15 00:00:00v387.50yBB